000 00604nam a2200157Ia 4500
008 220216s9999 xx 000 0 und d
100 _aSiju T
245 0 _aAdoption of intercrops across size-classes and regions: A study of traditional rubber growing regions in India
260 _bIRC 2012. International Rubber Conference, 28-31 October 2012, Kovalam, India, Rubber Research Institute of India, Kottayam and IRRDB, Malaysia: Abstracts. pp. 185.
650 _aIntercrops
650 _aTraditional regions
700 _aGeorge K T
700 _aJoseph J
700 _aVeeraputhran S
942 _cBS
999 _c49864
_d49864